00723nam a2200169 a 450000100100000000500170001000800410002704000250006808200150009311000850010824500870019326000340028030000270031471000850034195201120042699900150053800000719120250502073818.0090907s1999 dr a 001 0 spa d aDO-SdBNPbspacBNPHU axxxbR426i1 aRepública Dominicana.bOficina Nacional de Administración y Personal 92639810aInstructivo de registro, control e información de personal del sector público. aSanto Domingo :bONAP,c1999. a158 p. :bil ;c21 cm.1 aRepública Dominicana.bOficina Nacional de Administración y Personal 926398 0010718PDaPDbPDcCTd2009-09-07iLF1l0oxxx R426ip7191-10r2020-06-25w2020-06-25yLFPDZNo se presta c6972d6972